00340nam a2200109Ia 4500008004100000082000800041100001100049245005400060942000600114952009500120999001500215240331s9999 xx 000 0 und d bMUK aMaris, 0aMukilkalin meethu nerruppu :bsanthanam oviyankal cL 001040708LaWERCLbWERCLcSSCd2024-03-31l0o 750 MUKp1607r2024-03-31w2024-03-31yL c3691d3691